Stations de la ligne T1 du tramway francilien sur une carte - Statistiques

Statistiques générales
  • Ce quiz a été pris 167 fois
  • Le résultat moyen est 21 sur 37
Réponses sur la Carte
Les réponses sont colorées sur une échelle allant du rouge au vert en fonction du pourcentage des utilisateurs qui les ont devinées à leur premier essai. Vous pouvez retrouver ces pourcentages ci-dessous.
 
Statistiques - réponses
Arrêt % Correct
Bobigny - Pablo Picasso
80%
Asnières - Gennevilliers - Les Courtilles
76%
Basilique de Saint-Denis - Hôtel de Ville
76%
La Courneuve - 8 Mai 1945
76%
Marché de Saint-Denis
74%
Gare de Saint-Denis
72%
Gare de Noisy-le-Sec
71%
L'Île-Saint-Denis
71%
La Courneuve - Six Routes
68%
Pont de Bondy
68%
Mairie de Villeneuve-la-Garenne
65%
Asnières - Quatre Routes
63%
Hôtel de Ville de La Courneuve
63%
Drancy-Avenir
60%
Gare de Gennevilliers
60%
Cimetière de Saint-Denis
58%
Hôpital Avicenne
58%
Hôpital Delafontaine
57%
Cosmonautes
54%
Hôtel de Ville de Bobigny
54%
Danton
53%
La Ferme
53%
Escadrille Normandie-Niémen
51%
Le Luth
51%
Parc des Chanteraines
51%
Petit Noisy
50%
La Noue
48%
Théâtre Gérard-Philipe
47%
Timbaud
47%
Stade Géo André
46%
Le Village
44%
Libération
42%
Maurice Lachâtre
42%
Auguste Delaune
40%
Chemin des Reniers
38%
Gaston Roulaud
31%
Jean Rostand
30%
Aucun quiz correspondant
Distribution des résultats
% des personnes avec chaque résultat
Percentile par nombre de réponses
Votre historique - résultats
Vous n’avez pas pris ce quiz